The concept of greenn growth – a new approach to definition of social development
Dlhodobo udržateľný rozvoj a koncept zeleného rastu zahŕňa veľký počet výziev a problémov súčasného veku. Podpora hospodárskeho rastu a rozvoja berie do úvahy faktor životného prostredia a života v spoločnosti.
Salvato in:
| Autore principale: | |
|---|---|
| Natura: | Capitolo di libro |
| Lingua: | inglese |
| Soggetti: | |
| Tags: |
Nessun Tag, puoi essere il primo ad aggiungerne!!
|
MARC
| LEADER | 00000nla a2200000 4500 | ||
|---|---|---|---|
| 001 | 0199316 | ||
| 005 | 20240502073354.6 | ||
| 041 | 0 | |a eng | |
| 044 | |a SK | ||
| 245 | 1 | 0 | |a The concept of greenn growth – a new approach to definition of social development |c Magdaléna Červeňová |
| 520 | |a Dlhodobo udržateľný rozvoj a koncept zeleného rastu zahŕňa veľký počet výziev a problémov súčasného veku. Podpora hospodárskeho rastu a rozvoja berie do úvahy faktor životného prostredia a života v spoločnosti. | ||
| 610 | 2 | 0 | |a ekonomika environmentálna |
| 610 | 2 | 0 | |a politika environmentálna |
| 610 | 2 | 0 | |a ochrana prostredia životného |
| 610 | 2 | 0 | |a rozvoj trvalo udržateľný |
| 610 | 2 | 0 | |a ekologizácia |
| 100 | 1 | |a Červeňová, Magdaléna, 1962- | |